| 000 | 00442nam a2200169Ia 4500 | ||
|---|---|---|---|
| 003 | GCL | ||
| 008 | 140319s9999 xx 000 0 eng d | ||
| 040 |
_aGCL / _cGCL |
||
| 082 | 0 | 4 |
_a004 _bI S |
| 100 | 1 | _aLOWTON, T.S | |
| 245 | 1 | 0 |
_aINTEGRATED DIGITAL NETWORKS / _cLOWTON, T.S |
| 260 |
_a[S.N] : _bSIGMA PRESS ، _c1993 |
||
| 300 | _a395 P | ||
| 650 | 0 | 4 | _aCOMPUTER NETWORK ARCHITECTURES |
| 650 | 0 | 4 | _aCOMPUTER - NETWORKS |
| 942 |
_2ddc _cBK |
||
| 999 |
_c16821 _d16821 |
||